Statistiche per Riconosci la Squadra di calcio - Quiz n°221

Clicka qui per fare il quiz!

Statistiche generali

  • Questo quiz è stato fatto 2 volte
  • Il punteggio medio è 3 su 9

Statistiche sulle risposte

IndizioRisposta% Corretto
Titoli nazionali11 Campionati danesi
100%
Colori socialiGiallo, blu
100%
ConfederazioneUEFA
50%
Fondazione1964
0%
Trofei internazionali1 Royal League
0%
Capienza Stadio29 000 posti
0%
Trofei nazionali7 Coppe di Danimarca
4 Supercoppe di Danimarca
0%
SquadraBrøndby IF
0%
Divisione nazionale 2023-2024Prima
0%

Distribuzione punteggi

Percentile per numero di risposta

Percentuale di utenti per punteggio

I tuoi punteggi nel tempo

Non hai fatto questo quiz